Back-to-Front Match Up Quiz Stats

 Plays Quiz not verified by Sporcle

Score 0/10 Timer 02:00
0 Plays Today
% Correct
EX...E & ...SHOT
92.9%
D...RY & S...R
91.4%
...HOT & DY...IA
90%
...MAN & UN...LE
88.6%
...ER & ...GING
88.6%
PEA... & ...TED
87.1%
WITH...N & RE...ED
85.7%
S...S & AL...IECE
85.7%
RE...E & ...TER
84.3%
HELP... & ES...ED
82.9%

You're not logged in!

Compare scores with friends on all Sporcle quizzes.
OR
Log In

Sporcle TV

Today on Sporcle TV


Watch our educational content, quiz creation guides, and fun videos on Sporcle TV.

Show Comments

Extras

Top Quizzes Today


Score Distribution

Your Account Isn't Verified!

In order to create a playlist on Sporcle, you need to verify the email address you used during registration. Go to your Sporcle Settings to finish the process.

Report this User

Report this user for behavior that violates our Community Guidelines.

Details: